Quiz o PRL - Statystyki

Ogólne statystyki
  • Ten quiz został rozwiązany 365 razy
    216 od ostatniego zresetowania
  • Średni wynik to 5 z 7
Statystyki odpowiedzi
Pytanie Odpowiedź: % Poprawnych
Język Urzędowy polski
99%
Stolica Warszawa
99%
Waluta Złoty
91%
Zależne od ZSRR
87%
Ta osoba wprowadziła stan wojenny w 1981. Wojciech Jaruzelski
77%
Data dołączenia PRL do inwazji na Czechosłowację. 20 - 21 sierpnia 1968
2%
Typ państwa Państwo satelickie ZSRR
1%
Nie znaleziono quizów pasujących do podanych kryteriów
Rozkład punktacji
Procent ludzi z każdym wynikiem
Percentyl według liczby udzielonych odpowiedzi
Twoja historia wyników
Nie rozwiązałeś tego quizu od ostatniego zresetowania